Bundesliga Topzugänge ausgewählter Vereine - Statistiken

Allgemein
  • Dieses Quiz wurde 54 mal gespielt
  • Das Durchschnittsergebnis liegt bei 28 aus 67
Antwortstatistiken
Saison Abgebender Verein Aufnehmender Verein Transfersumme Spieler % Korrekt
23/24 Tottenham Bayern München 95 Millionen Harry Kane
100%
19/20 Atlético Madrid Bayern München 80 Millionen Lucas Hernandez
96%
24/25 Crystal Palace Bayern München 53 Millionen Michael Olise
96%
22/23 Juventus Turin Bayern München 67 Millionen Mathijs de Ligt
92%
20/21 Birmingham Borussia Dortmund 30,15 Millionen Jude Bellingham
90%
19/20 Bayern München Borussia Dortmund 30,5 Millionen Mats Hummels
90%
22/23 Ajax Amsterdam Borussia Dortmund 31 Millionen Sebastian Haller
86%
23/24 RC Lens RB Leipzig 40 Millionen Loïs Openda
82%
19/20 Dinamo Zagreb RB Leipzig 34,2 Millionen Dani Olmo
80%
16/17 Stade Rennes Borussia Dortmund 35 Millionen Ousmane Dembele
80%
24/25 Brighton VFB Stuttgart 26,7 Millionen Deniz Undav
78%
24/25 FC Augsburg VFB Stuttgart 21 Millionen Ermedin Demirovic
75%
15/16 Schalke 04 Wolfsburg 43 Millionen Julian Draxler
75%
23/24 Union SG Bayer Leverkusen 21,7 Millionen Victor Boniface
75%
21/22 Dinamo Zagreb RB Leipzig 36,8 Millionen Josko Gvardiol
69%
14/15 Chelsea Wolfsburg 32 Millionen André Schürrle
63%
19/20 TSG Hoffenheim Bayer Leverkusen 32 Millionen Kerem Demirbay
63%
09/10 Bayern München 1. FC Köln 10 Millionen Lukas Podolski
57%
20/21 AS Rom Bayer Leverkusen 26,5 Millionen Patrik Schick
57%
24/25 PSG Eintracht Frankfurt 16,5 Millionen Hugo Ekitike
53%
21/22 FC Dallas FC Augsburg 16,36 Millionen Ricardo Pepi
53%
18/19 Bayern München Schalke 04 16 Millionen Sebastian Rudy
53%
18/19 OGC Nizza Gladbach 23 Millionen Alassane Plea
51%
13/14 Chelsea Wolfsburg 22 Millionen Kevin De Bruyne
51%
23/24 Inter Mailand Union Berlin 13 Millionen Robin Gosens
51%
16/17 FC Basel Schalke 04 26,5 Millionen Breel Embolo
47%
24/25 Bayer Leverkusen TSG Hoffenheim 18 Millionen Adam Hlozek
43%
23/24 Southampton Bayer Leverkusen 23,3 Millionen Nathan Tella
43%
18/19 Argentinos VFB Stuttgart 11,26 Millionen Nico González
43%
18/19 Everton Werder Bremen 13,5 Millionen Davy Klaassen
41%
19/20 Benfica Eintracht Frankfurt 22,34 Millionen Luka Jovic
41%
12/13 Tottenham HSV 13 Millionen Rafael van der Vaart
41%
16/17 Bayer Leverkusen Gladbach 15 Millionen Christoph Kramer
39%
16/17 VFB Stuttgart HSV 14 Millionen Filip Kostic
39%
17/18 Borussia Dortmund Gladbach 17 Millionen Matthias Ginter
35%
21/22 KAA Gent Heidenheim 3,5 Millionen Tim Kleindienst
35%
20/21 Angers SCO SC Freiburg 10 Millionen Baptiste Santamaria
33%
06/07 RSC Anderlecht HSV 10,5 Millionen Vincent Kompany
33%
19/20 Olympique Lyon Hertha BSC 25 Millionen Lucas Tousart
31%
09/10 Gladbach Werder Bremen 8,2 Millionen Marko Marin
31%
17/18 Tottenham Schalke 04 19 Millionen Nabil Bentaleb
31%
19/20 AC Milan Hertha BSC 24 Millionen Krzysztof Piatek
29%
21/22 FC Brügge Bayer Leverkusen 23 Millionen Odilon Kossouno
27%
20/21 RB Salzburg RB Leipzig 36 Millionen Dominik Szoboszlai
24%
17/18 Mainz 05 1. FC Köln 17 Millionen Jhon Córdoba
24%
23/24 Stade Rennes Wolfsburg 25 Millionen Lovro Majer
22%
18/19 Galatasaray VFB Stuttgart 11 Millionen Ozan Kabak
22%
19/20 Espanyol Barcelona Mainz 05 8 Millionen Aaron Martin
20%
19/20 Young Boys Bern Eintracht Frankfurt 14 Millionen Djibril Sow
20%
19/20 RB Leipzig Hertha BSC 18 Millionen Matheus Cunha
20%
19/20 FC Watford Hertha BSC 20 Millionen Dodi Lukebakio
18%
23/24 FC Augsburg TSG Hoffenheim 14 Millionen Mergim Berisha
18%
17/18 Vitesse Arnheim Werder Bremen 8,1 Millionen Milot Rashica
16%
22/23 Celtic Union Berlin 8,55 Millionen Josip Juranovic
14%
16/17 RB Salzburg FC Augsburg 10,5 Millionen Martin Hinteregger
14%
14/15 TSG Hoffenheim Hannover 96 5 Millionen Joselu
12%
19/20 RSC Anderlecht 1. FC Köln 8,25 Millionen Sebastian Bornauw
12%
18/19 Olympique Lyon Mainz 05 8 Millionen Jean-Philippe Mateta
10%
17/18 Rubin Kazan Hannover 96 9 Millionen Jonathas
10%
24/25 SC Freiburg Heidenheim 3,5 Millionen Niklas Dorsch
10%
22/23 PSV Eindhoven SC Freiburg 8,5 Millionen Ritsu Doan
10%
16/17 Altinordu SC Freiburg 7,93 Millionen Caglar Söyüncü
6%
19/20 Feyernoord Mainz 05 8 Millionen Jerry St. Juste
6%
19/20 Stade Rennes FC Augsburg 7,5 Millionen Tomas Koubek
6%
18/19 HSV Hannover 96 6 Millionen Walace
6%
19/20 RB Salzburg TSG Hoffenheim 12,5 Millionen Diadie Samassekou
4%
21/22 Liverpool Union Berlin 8,55 Millionen Taiwo Awomiyi
0%
Keine übereinstimmenden Quizze gefunden
Verteilung der Resultate
Anzahl Personen mit jedem Resultat
Perzentil nach korrekt beantworteten Fragen
Ihre Resultats-Entwicklung
Sie haben dieses Quiz noch nicht gespielt